| 000 | 01296nam a2200313 c 4500 | ||
|---|---|---|---|
| 999 |
_c389778 _d389778 |
||
| 003 | BLK | ||
| 005 | 20230404154215.0 | ||
| 008 | 200310b bul|||||r ||||||| ||bul|| | ||
| 040 | _aBLK | ||
| 041 |
_aBUL _cBUL |
||
| 080 |
_aИстория на Русия и СССР. Вж и 936 ; 957 _b94(470) _x(092) _z94(470)(092) |
||
| 139 | _aДвадесет и пет-годишното царуване на царя Освободителя Александър II | ||
| 245 | 1 | 0 |
_aДвадесет и пет-годишното царуване на царя Освободителя Александър II _b19 февр. 1880 : из в. Нива _cизд. Д. Василев, Ив. Калинов |
| 257 | _aBGR | ||
| 260 |
_aРусе _c1880 _fпеч. на в. Славянин _9217851 _bпеч. Славянин |
||
| 300 |
_a16 с. _c22 см |
||
| 380 | _a9 | ||
| 490 |
_9435080 _aКолекция Редки и ценни издания |
||
| 600 | 1 | 4 |
_aАлександър ІІ _d1818-1881 _gимператор на Русия, цар на Полша и велик княз на Финландия _qАлександр ІІ Николаевич _9435086 |
| 650 |
_aИстория - Русия _9435087 |
||
| 852 |
_aРб 880 _bРц |
||
| 856 | 4 |
_qpdf _u |
|
| 856 | 4 |
_qpdf _u |
|
| 942 |
_cKNG _n0 _s1 |
||
| 944 |
_aCR _c2020-10-08 _kНР |
||
| 999 | _d389778 | ||
| 999 | _d389778 | ||